| 000 | 00802nam a2200205 i 4500 | ||
|---|---|---|---|
| 001 | 101457 | ||
| 003 | ES-MaACL | ||
| 005 | 20230906182920.0 | ||
| 007 | t| | ||
| 008 | 051019s1983 sp ||||1| spa d | ||
| 100 | 1 |
_aMedina Padilla, Arturo. _979749 |
|
| 245 | 1 | 3 |
_aEl difícil camino de la literatura infantil / _cConferencia de Arturo Medina Padilla. |
| 260 |
_aMadrid : _bEscuela Universitaria de Formación del Profesorado de E.G.B. "Santa María", _c1983. |
||
| 300 |
_a39 p. ; _c21 cm. |
||
| 490 | 1 |
_aCuaderno de literatura ; _v3 |
|
| 710 | 2 |
_aUniversidad Autónoma de Madrid. _bEscuela Universitaria de Formación del Profesorado de E.G.B. "Santa María" _9156765 |
|
| 830 | 0 |
_aCuaderno de literatura ; _v3 _9179363 |
|
| 852 |
_aES-MaACL _j2128-F-21 _bR.106758 |
||
| 999 |
_c101457 _d101457 |
||